Europa-Park - Statistiques

Statistiques générales
  • Ce quiz a été pris 360 fois
  • Le résultat moyen est 12 sur 22
Statistiques - réponses
Hint Réponse % Correct
De 0 à 100 en 2,5 secondes ! Blue Fire
97%
73 mètres de haut... Silver Star
94%
Au plus près des eaux de la mythologie grecque Poseidon
85%
Nouveau grand huit du quartier croate Voltron Nevera
84%
Le gigantesque grand huit en bois Wodan
83%
Une réplique fidèle du Moulin Rouge Eurosat Cancan Coaster
81%
Une découverte époustouflante à travers le Royaume des Minimoys Arthur
77%
Manège ayant été victime d'un incendie le 26 mai 2018 Pirates de Batavia
71%
Grand huit pour les petits sur un cheval ailé Pegasus
70%
Un plongeon abrupte dans les eaux Atlantica SuperSplash
68%
Des nacelles en rotation Euro-Mir
63%
Le plus grand flying theater d'europe Voletarium
56%
Traversez les massifs autrichiens pittoresques à bord du grand huit familial ! Express des Alpes
45%
Descente endiablée d'un torrent aux eaux... Fjord-Rafting
41%
Une vue imprenable sur Europa-Park Euro-Tower
37%
Périple sauvage au-dessus des Alpes Suisse Matterhorn-Blitz
34%
Manège thématique sur la pieuvre de Rulantica Snorri Touren
30%
Carrousel aux couleurs espagnoles Feria Swing
10%
Le plafond est en dessous, le sol au dessus... Bref, de quoi perdre tous ses repères ! La malediction de Cassandra
10%
Frissons garantis! Château Hanté
8%
Le bateau-balançoire pour enfants invite les petits et grands aventuriers à faire une escapade nautique mouvementée. Dancing Dingie
8%
Entrez dans la peau du fameux explorateur en naviguant en haute mer! Kolumbusjolle
7%
Aucun quiz correspondant
Distribution des résultats
% des personnes avec chaque résultat
Percentile par nombre de réponses
Votre historique - résultats
Vous n’avez pas pris ce quiz